Despedidas impossíveis (Record no. 2013)

MARC details
000 -Etiqueta do registo
Valores 00808nam a2200277 4500
010 ## - Número ISBN
ISBN 9789722083959
021 ## - Número do Depósito Legal
Código do país Portugal
Número 539981/24
100 ## - Dados gerais de processamento
Dados gerais 20251126d2025 m||y0pory50030103ba
101 ## - Língua de publicação
Língua Português
102 ## - País de publicação
País Portugal
200 ## - Titulo e menção de responsabilidade
Título próprio Despedidas impossíveis
Primeira menção de responsabilidade Han Kang
Outras menções de responsabilidade trad. Maria do Carmo Figueira, Ana Saragoça
205 ## - Menção da edição
Edição 1ª edição
210 ## - Publicação
Local de publicação Alfragide
Nome do editor Dom Quixote
Data de publicação 2025
215 ## - Descrição física 
Paginação / Volumes 293 p.
Dimensões 24 cm
300 ## - Notas gerais 
Texto da nota BMB-Registado
304 ## - Nota relativa ao título
Texto de nota Tít. da ed. inglesa: We do not part
606 ## - Nome comum usado como assunto
ID Autoridade 2885
Palavra de ordem Literatura Sul-Coreana
606 ## - Nome comum usado como assunto
ID Autoridade 779
Palavra de ordem Romance
675 ## - CDU
Notação 821.531-31
Edição BMB
Língua por
700 ## - Autor principal (pessoa individual)
Apelido Kang
Datas 1970-
ID Autoridade 2886
Nome Han
702 ## - Autor secundário (pessoa individual)
Apelido Figueira
Nome Maria do Carmo
Datas 1955-
Função Tradutor
ID Autoridade 926
702 ## - Autor secundário (pessoa individual)
Apelido Saragoça
Nome Ana
Datas 1966-
Função Tradutor
ID Autoridade 2887
801 ## - Fonte de origem
País PT
Agência BMB
Regras de catalogação RPC
990 ## - Elementos KOHA
Tipo de documento Livro
Holdings
Situação do levantamento Estado Número Biblioteca de origem Código de barras Cota Permissão de empréstimo Tipo de documento Forma de aquisição
    1 Biblioteca Municipal de Borba 1963 821.531-31 KAN / DES   Livro Compra
Biblioteca Municipal de Borba

Powered by Koha